000 01131cab a2200349 4500
001 ABS51869
008 090401t1994 xxu||||| |||| 00| 0 eng d
035 _a(Sirsi) u47934
041 _aeng
100 _aBurton, I.
245 _aCommission plan to end rule of the road
260 _c1994
350 _a0
490 _aPlanning (for the Natural and Built Environment)
_v(1093) 4 November 1994, 6-7(2)
520 _aAnother discussion of the Royal Commission`s report on transport and the environment, from the planning angle.
650 _aCHANGE OF USE
650 _aGENERAL DEVELOPMENT ORDERS
650 _aLand use
_96251
650 _aMIXED USES
650 _aPLANNING POLICY
650 _aPOLLUTION
650 _aPOPULATION DENSITY
650 _aPUBLIC TRANSPORT
650 _aROADBUILDING
650 _aPROPERTY-INFRASTRUCTURE-TRANSPORT INFRASTRUCTURE-ROAD INFRASTRUCTURE
650 _aROYAL COMMISSION ON ENVIRONMENTAL POLLUTION
650 _aTRANSPORT POLICY
690 _aENVIRONMENTAL AND LAND CONSULTANCY
690 _aTRANSPORT AND COMMUNICATIONS
942 _n0
948 _c04/03/1997
999 _c30143
_d30143